=LDR 00000nam 2200000 4500 =001 INLIS000000000031665 =005 20130612133727 =008 ***********************************ind** =035 ##$$0010-061300000031665 =041 ##$$a ind =082 ##$$a 028.5 =090 ##$$a 028.5, War k =100 ##$$a Wardhana, Eka =245 ##$$a Kisah Al Qur'an, , Kisah Kaum Rass =260 ##$$a Syaamil Cipta Media $b Bandung =300 ##$$a 27 hlm., , ilus., , 15 cm =650 ##$$a BACAAN ANAK-ANAK =850 ##$$a NBPNMAT